000 00822cam a22002534a 4500
008
020 _a0443070156 (pbk.)
049 _aMAIN
090 _aRC925
_bMUS
245 0 4 _aThe musculoskeletal system /
_cedited by Philip Sambrook ... [et al.] ; illustrations by Ethan Danielson.
260 _aEdinburgh :
_bChurchill Livingstone,
_c2001.
300 _a198 p. :
_bill. ;
_c28 cm.
440 0 _aSystems of the body.
504 _aIncludes bibliographical references.
500 _aIncludes index.
650 1 2 _aMusculoskeletal Diseases
_vProblems and Exercises.
650 0 _aMusculoskeletal system.
700 1 _aSambrook, Philip.
907 _a.b10260742
_b09-11-09
_c25-02-09
003
005 20230120204019.0
040 _cNUST
942 _cBOOKS
_kRC925
_mMUS
999 _c115589
_d115589